[Event "DVM U20w 2023"]
[Site "Magdeburg GER"]
[Date "2023.12.27"]
[Round "2"]
[White "Erakhnovich, Sofia"]
[Black "Milman, Sophie"]
[Result "0-1"]
[Termination "normal"]
[Board "6.4"]
[WhiteElo "789"]
[BlackElo "1184"]
[WhiteClock "00:37:04"]
[BlackClock "00:22:19"]
[WhiteTeam "SC Strateg Stuttgart"]
[BlackTeam "VSG 1880 Offenbach"]
[PlyCount "90"]
[WhiteFideId "34675752"]
[BlackFideId "34608885"]
[EventCountry "GER"]
[EventRounds "7"]
[EventType "team-swiss"]
[EventDate "2023.12.26"]

1. d4 {[%clk 01:30:55]} {[%emt 00:00:05]} Nf6 {[%clk 01:30:54]} {[%emt
00:00:06]} 2. Nf3 {[%clk 01:30:46]} {[%emt 00:00:39]} g6 {[%clk 01:30:29]}
{[%emt 00:00:54]} 3. e3 {[%clk 01:30:36]} {[%emt 00:00:41]} d6 {[%emt
00:01:02]} 4. Nbd2 {[%clk 01:29:37]} {[%emt 00:01:28]} Bg7 {[%clk 01:29:32]}
{[%emt 00:00:55]} 5. Bd3 {[%clk 01:29:34]} {[%emt 00:00:32]} O-O {[%clk
01:29:05]} {[%emt 00:00:56]} 6. O-O {[%clk 01:29:37]} {[%emt 00:00:29]} c5
{[%clk 01:26:53]} {[%emt 00:02:41]} 7. b3 {[%clk 01:26:39]} {[%emt 00:03:28]}
Nc6 {[%clk 01:23:03]} {[%emt 00:04:18]} 8. Bb2 {[%clk 01:26:43]} {[%emt
00:00:26]} b6 {[%clk 01:16:31]} {[%emt 00:07:02]} 9. c4 {[%clk 01:20:02]}
{[%emt 00:07:12]} e6 {[%clk 01:08:31]} {[%emt 00:08:31]} 10. Qe2 {[%clk
01:12:30]} {[%emt 00:08:01]} Bb7 {[%clk 01:01:52]} {[%emt 00:07:08]} 11. Rae1
{[%clk 00:57:11]} {[%emt 00:15:49]} Re8 {[%clk 00:54:50]} {[%emt 00:07:32]} 12.
e4 {[%clk 00:54:15]} {[%emt 00:03:27]} cxd4 {[%clk 00:43:50]} {[%emt 00:11:31]}
13. Nxd4 {[%clk 00:52:39]} {[%emt 00:02:05]} Nxd4 {[%clk 00:40:36]} {[%emt
00:03:45]} 14. Bxd4 {[%clk 00:52:49]} {[%emt 00:00:19]} d5 {[%clk 00:37:13]}
{[%emt 00:03:53]} 15. Bxf6 {[%clk 00:48:27]} {[%emt 00:04:51]} Bxf6 {[%clk
00:35:24]} {[%emt 00:02:20]} 16. Qf3 {[%clk 00:44:39]} {[%emt 00:04:18]} Bc3
{[%clk 00:31:28]} {[%emt 00:04:26]} 17. Re2 {[%clk 00:41:05]} {[%emt 00:04:02]}
Bxd2 {[%clk 00:30:32]} {[%emt 00:01:27]} 18. Rxd2 {[%clk 00:41:24]} {[%emt
00:00:12]} dxe4 {[%clk 00:30:24]} {[%emt 00:00:37]} 19. Bxe4 {[%clk 00:41:10]}
{[%emt 00:00:44]} Qxd2 {[%clk 00:29:38]} {[%emt 00:01:15]} 20. Bxb7 {[%clk
00:41:25]} {[%emt 00:00:14]} Rad8 {[%clk 00:28:36]} {[%emt 00:01:32]} 21. Bc6
{[%clk 00:40:52]} {[%emt 00:01:03]} Rf8 {[%clk 00:28:13]} {[%emt 00:00:53]} 22.
b4 {[%clk 00:37:28]} {[%emt 00:03:55]} Qxb4 {[%clk 00:26:59]} {[%emt 00:01:43]}
23. Rd1 {[%clk 00:37:48]} {[%emt 00:00:09]} Qa5 {[%clk 00:26:12]} {[%emt
00:01:19]} 24. a4 {[%clk 00:37:28]} {[%emt 00:00:50]} a6 {[%clk 00:24:55]}
{[%emt 00:01:47]} 25. Qb3 {[%clk 00:35:14]} {[%emt 00:02:43]} Qc5 {[%clk
00:23:58]} {[%emt 00:01:27]} 26. Bf3 {[%clk 00:35:28]} {[%emt 00:00:17]} Rxd1+
{[%clk 00:23:30]} {[%emt 00:00:57]} 27. Bxd1 {[%clk 00:35:34]} {[%emt
00:00:24]} Rd8 {[%clk 00:23:22]} {[%emt 00:00:38]} 28. Bf3 {[%clk 00:35:49]}
{[%emt 00:00:16]} Rd2 {[%clk 00:22:43]} {[%emt 00:01:08]} 29. Qe3 {[%clk
00:35:23]} {[%emt 00:00:57]} Qxe3 {[%clk 00:21:42]} {[%emt 00:01:32]} 30. fxe3
{[%clk 00:35:47]} {[%emt 00:00:06]} Rb2 {[%clk 00:21:34]} {[%emt 00:00:37]} 31.
h4 {[%clk 00:35:44]} {[%emt 00:00:34]} Rb4 {[%clk 00:21:42]} {[%emt 00:00:21]}
32. Bc6 {[%clk 00:36:00]} {[%emt 00:00:14]} Rxc4 {[%clk 00:21:48]} {[%emt
00:00:24]} 33. Be8 {[%clk 00:36:00]} {[%emt 00:00:30]} Kf8 {[%clk 00:21:39]}
{[%emt 00:00:39]} 34. Bd7 {[%clk 00:35:18]} {[%emt 00:01:13]} Ke7 {[%clk
00:21:50]} {[%emt 00:00:19]} 35. Bb5 {[%clk 00:34:16]} {[%emt 00:01:31]} axb5
{[%clk 00:21:59]} {[%emt 00:00:21]} 36. axb5 {[%clk 00:34:41]} {[%emt
00:00:06]} Rb4 {[%clk 00:22:10]} {[%emt 00:00:18]} 37. g3 {[%clk 00:35:03]}
{[%emt 00:00:08]} Rxb5 {[%clk 00:22:26]} {[%emt 00:00:14]} 38. Kf2 {[%clk
00:35:26]} {[%emt 00:00:07]} Rc5 {[%clk 00:22:30]} {[%emt 00:00:26]} 39. Kf3
{[%clk 00:34:56]} {[%emt 00:00:59]} b5 {[%clk 00:22:43]} {[%emt 00:00:18]} 40.
Kf4 {[%clk 00:35:11]} {[%emt 00:00:14]} b4 {[%clk 00:22:52]} {[%emt 00:00:22]}
41. e4 {[%clk 00:35:38]} {[%emt 00:00:03]} b3 {[%clk 00:22:56]} {[%emt
00:00:26]} 42. e5 {[%clk 00:36:04]} {[%emt 00:00:04]} b2 {[%clk 00:23:09]}
{[%emt 00:00:16]} 43. Kg5 {[%clk 00:36:31]} {[%emt 00:00:03]} b1=Q {[%clk
00:22:31]} {[%emt 00:01:09]} 44. Kh6 {[%clk 00:36:49]} {[%emt 00:00:12]} g5
{[%clk 00:22:19]} {[%emt 00:00:43]} 45. hxg5 {[%clk 00:37:04]} {[%emt
00:00:15]} Qg6+ {[%emt 00:00:12]} 0-1

[Event "DVM U20w 2023"]
[Site "Magdeburg GER"]
[Date "2023.12.27"]
[Round "2"]
[White "Pikki, Daria"]
[Black "Kanno, Clara Yumi"]
[Result "1-0"]
[Termination "normal"]
[Board "7.1"]
[WhiteElo "1649"]
[BlackElo "1440"]
[WhiteClock "01:03:17"]
[BlackClock "00:51:30"]
[WhiteTeam "SV Königsjäger Süd-West"]
[BlackTeam "SF Essen-Werden 1924/80"]
[PlyCount "101"]
[WhiteFideId "16281306"]
[BlackFideId "16259661"]
[EventCountry "GER"]
[EventRounds "7"]
[EventType "team-swiss"]
[EventDate "2023.12.26"]

1. d4 {[%clk 01:30:56]} {[%emt 00:00:03]} d5 {[%clk 01:30:50]} {[%emt
00:00:12]} 2. c4 {[%clk 01:31:22]} {[%emt 00:00:03]} c6 {[%clk 01:31:13]}
{[%emt 00:00:08]} 3. cxd5 {[%clk 01:31:48]} {[%emt 00:00:04]} cxd5 {[%clk
01:31:35]} {[%emt 00:00:08]} 4. Nc3 {[%clk 01:32:14]} {[%emt 00:00:04]} Nf6
{[%clk 01:31:54]} {[%emt 00:00:11]} 5. Bf4 {[%clk 01:32:39]} {[%emt 00:00:05]}
Nc6 {[%clk 01:31:54]} {[%emt 00:00:30]} 6. e3 {[%clk 01:32:58]} {[%emt
00:00:11]} a6 {[%clk 01:30:39]} {[%emt 00:01:47]} 7. Bd3 {[%clk 01:33:12]}
{[%emt 00:00:14]} Bg4 {[%clk 01:25:36]} {[%emt 00:05:33]} 8. f3 {[%clk
01:33:03]} {[%emt 00:00:38]} Bh5 {[%clk 01:24:41]} {[%emt 00:01:23]} 9. Nge2
{[%clk 01:33:08]} {[%emt 00:00:27]} e6 {[%clk 01:24:11]} {[%emt 00:01:01]} 10.
Rc1 {[%clk 01:32:09]} {[%emt 00:01:28]} Be7 {[%clk 01:18:17]} {[%emt 00:06:24]}
11. O-O {[%clk 01:31:45]} {[%emt 00:00:55]} O-O {[%clk 01:17:23]} {[%emt
00:01:24]} 12. Na4 {[%clk 01:30:12]} {[%emt 00:02:03]} Rc8 {[%clk 01:14:12]}
{[%emt 00:03:41]} 13. Nc5 {[%clk 01:28:39]} {[%emt 00:02:03]} Bxc5 {[%clk
01:10:43]} {[%emt 00:03:58]} 14. Rxc5 {[%clk 01:28:55]} {[%emt 00:00:14]} Nb4
{[%clk 01:09:24]} {[%emt 00:01:48]} 15. Rxc8 {[%clk 01:27:46]} {[%emt
00:01:42]} Qxc8 {[%clk 01:09:46]} {[%emt 00:00:07]} 16. Bb1 {[%clk 01:27:59]}
{[%emt 00:00:17]} Qd7 {[%clk 01:08:15]} {[%emt 00:01:59]} 17. Bg5 {[%clk
01:25:01]} {[%emt 00:03:30]} Ne8 {[%clk 01:07:45]} {[%emt 00:00:59]} 18. Qe1
{[%clk 01:24:23]} {[%emt 00:01:08]} Nc6 {[%clk 01:05:31]} {[%emt 00:02:44]} 19.
Nf4 {[%clk 01:18:41]} {[%emt 00:06:13]} Bg6 {[%clk 01:04:13]} {[%emt 00:01:47]}
20. Nxg6 {[%clk 01:18:16]} {[%emt 00:00:55]} fxg6 {[%clk 01:04:30]} {[%emt
00:00:14]} 21. Bf4 {[%clk 01:15:31]} {[%emt 00:03:15]} Nd6 {[%clk 01:03:22]}
{[%emt 00:01:38]} 22. Bxd6 {[%clk 01:15:03]} {[%emt 00:00:58]} Qxd6 {[%clk
01:03:45]} {[%emt 00:00:07]} 23. Qg3 {[%clk 01:14:28]} {[%emt 00:01:04]} Qxg3
{[%clk 01:03:10]} {[%emt 00:01:06]} 24. hxg3 {[%clk 01:14:52]} {[%emt
00:00:05]} e5 {[%clk 01:02:38]} {[%emt 00:01:04]} 25. dxe5 {[%clk 01:14:10]}
{[%emt 00:01:12]} Nxe5 {[%clk 01:02:59]} {[%emt 00:00:08]} 26. b3 {[%clk
01:14:05]} {[%emt 00:00:35]} g5 {[%clk 01:01:16]} {[%emt 00:02:12]} 27. Rd1
{[%clk 01:14:14]} {[%emt 00:00:23]} Rd8 {[%clk 01:01:17]} {[%emt 00:00:28]} 28.
Be4 {[%clk 01:12:58]} {[%emt 00:01:46]} Nc6 {[%clk 01:00:35]} {[%emt 00:01:11]}
29. Rxd5 {[%clk 01:13:06]} {[%emt 00:00:23]} h6 {[%clk 01:00:04]} {[%emt
00:01:01]} 30. Rxd8+ {[%clk 01:10:53]} {[%emt 00:02:42]} Nxd8 {[%clk 01:00:24]}
{[%emt 00:00:11]} 31. Bd5+ {[%clk 01:11:05]} {[%emt 00:00:18]} Kf8 {[%clk
01:00:29]} {[%emt 00:00:24]} 32. f4 {[%clk 01:11:04]} {[%emt 00:00:30]} gxf4
{[%clk 00:59:13]} {[%emt 00:01:47]} 33. gxf4 {[%clk 01:11:28]} {[%emt
00:00:06]} b6 {[%clk 00:59:32]} {[%emt 00:00:10]} 34. Kf2 {[%clk 01:11:20]}
{[%emt 00:00:38]} Ke7 {[%clk 00:59:22]} {[%emt 00:00:40]} 35. Kf3 {[%clk
01:11:21]} {[%emt 00:00:29]} Kf6 {[%clk 00:58:05]} {[%emt 00:01:47]} 36. e4
{[%clk 01:10:25]} {[%emt 00:01:25]} g5 {[%clk 00:56:55]} {[%emt 00:01:40]} 37.
e5+ {[%clk 01:10:16]} {[%emt 00:00:40]} Kf5 {[%clk 00:56:23]} {[%emt 00:01:02]}
38. g4+ {[%clk 01:10:23]} {[%emt 00:00:24]} Kg6 {[%clk 00:56:36]} {[%emt
00:00:16]} 39. f5+ {[%clk 01:10:29]} {[%emt 00:00:25]} Kg7 {[%clk 00:56:46]}
{[%emt 00:00:20]} 40. a4 {[%clk 01:08:29]} {[%emt 00:02:30]} Nf7 {[%clk
00:55:47]} {[%emt 00:01:27]} 41. Bxf7 {[%clk 01:08:09]} {[%emt 00:00:50]} Kxf7
{[%clk 00:56:13]} {[%emt 00:00:05]} 42. Ke4 {[%clk 01:05:47]} {[%emt 00:02:52]}
Ke7 {[%clk 00:56:10]} {[%emt 00:00:32]} 43. Kd5 {[%clk 01:05:43]} {[%emt
00:00:35]} b5 {[%clk 00:53:21]} {[%emt 00:03:20]} 44. axb5 {[%clk 01:05:07]}
{[%emt 00:01:07]} axb5 {[%clk 00:53:41]} {[%emt 00:00:09]} 45. b4 {[%clk
01:05:26]} {[%emt 00:00:10]} Ke8 {[%clk 00:53:31]} {[%emt 00:00:41]} 46. f6
{[%clk 01:02:42]} {[%emt 00:03:14]} Kf7 {[%clk 00:53:05]} {[%emt 00:00:56]} 47.
Kd6 {[%clk 01:02:09]} {[%emt 00:01:03]} h5 {[%clk 00:52:13]} {[%emt 00:01:22]}
48. e6+ {[%clk 01:02:20]} {[%emt 00:00:19]} Kxf6 {[%clk 00:50:50]} {[%emt
00:01:54]} 49. e7 {[%clk 01:02:40]} {[%emt 00:00:08]} hxg4 {[%clk 00:51:07]}
{[%emt 00:00:12]} 50. e8=Q {[%clk 01:03:01]} {[%emt 00:00:11]} g3 {[%clk
00:51:30]} {[%emt 00:00:07]} 51. Qe5 {[%clk 01:03:17]} {[%emt 00:00:15]} 1-0

[Event "DVM U20w 2023"]
[Site "Magdeburg GER"]
[Date "2023.12.27"]
[Round "2"]
[White "Walter, Kiara Laurien"]
[Black "Schmidt, Luise"]
[Result "1-0"]
[Termination "normal"]
[Board "7.2"]
[WhiteElo "1450"]
[BlackElo "1465"]
[WhiteClock "00:56:38"]
[BlackClock "00:08:35"]
[WhiteTeam "SF Essen-Werden 1924/80"]
[BlackTeam "SV Königsjäger Süd-West"]
[PlyCount "55"]
[WhiteFideId "16284542"]
[BlackFideId "16294475"]
[EventCountry "GER"]
[EventRounds "7"]
[EventType "team-swiss"]
[EventDate "2023.12.26"]

1. d4 {[%clk 01:30:48]} {[%emt 00:00:12]} d5 {[%clk 01:30:54]} {[%emt
00:00:06]} 2. Nf3 {[%clk 01:31:14]} {[%emt 00:00:05]} Nf6 {[%clk 01:31:14]}
{[%emt 00:00:09]} 3. g3 {[%clk 01:31:39]} {[%emt 00:00:05]} e6 {[%clk
01:31:20]} {[%emt 00:00:23]} 4. Bg2 {[%clk 01:32:05]} {[%emt 00:00:04]} Bd6
{[%clk 01:30:26]} {[%emt 00:01:25]} 5. O-O {[%clk 01:32:26]} {[%emt 00:00:09]}
O-O {[%clk 01:30:43]} {[%emt 00:00:13]} 6. c4 {[%clk 01:32:51]} {[%emt
00:00:06]} c6 {[%clk 01:27:15]} {[%emt 00:03:58]} 7. Nc3 {[%clk 01:32:25]}
{[%emt 00:00:55]} Nbd7 {[%clk 01:27:02]} {[%emt 00:00:43]} 8. Nd2 {[%clk
01:32:14]} {[%emt 00:00:41]} e5 {[%clk 01:17:59]} {[%emt 00:09:33]} 9. cxd5
{[%clk 01:30:09]} {[%emt 00:02:35]} cxd5 {[%clk 01:04:14]} {[%emt 00:14:16]}
10. dxe5 {[%clk 01:29:58]} {[%emt 00:00:40]} Bxe5 {[%clk 00:57:51]} {[%emt
00:06:53]} 11. Nxd5 {[%clk 01:28:36]} {[%emt 00:01:51]} Nxd5 {[%clk 00:56:31]}
{[%emt 00:01:51]} 12. Bxd5 {[%clk 01:28:57]} {[%emt 00:00:08]} Nf6 {[%clk
00:55:02]} {[%emt 00:02:01]} 13. Bg2 {[%clk 01:28:44]} {[%emt 00:00:43]} Qc7
{[%clk 00:53:14]} {[%emt 00:02:17]} 14. Nf3 {[%clk 01:27:23]} {[%emt 00:01:51]}
Rd8 {[%clk 00:50:45]} {[%emt 00:03:00]} 15. Qb3 {[%clk 01:25:45]} {[%emt
00:02:07]} Be6 {[%clk 00:49:11]} {[%emt 00:02:06]} 16. Qa4 {[%clk 01:22:23]}
{[%emt 00:03:50]} Bd6 {[%clk 00:44:32]} {[%emt 00:05:10]} 17. Bg5 {[%clk
01:21:52]} {[%emt 00:01:02]} Be7 {[%clk 00:43:29]} {[%emt 00:01:32]} 18. Rac1
{[%clk 01:21:01]} {[%emt 00:01:21]} Qb6 {[%clk 00:41:59]} {[%emt 00:02:01]} 19.
b3 {[%clk 01:17:11]} {[%emt 00:04:19]} a6 {[%clk 00:35:33]} {[%emt 00:06:55]}
20. Ne5 {[%clk 01:08:41]} {[%emt 00:09:00]} Rd4 {[%clk 00:33:13]} {[%emt
00:02:49]} 21. Nc4 {[%clk 01:04:24]} {[%emt 00:04:47]} Qc7 {[%clk 00:26:05]}
{[%emt 00:07:38]} 22. e3 {[%clk 01:01:55]} {[%emt 00:02:59]} Bd7 {[%clk
00:18:14]} {[%emt 00:08:19]} 23. Qa5 {[%clk 01:00:54]} {[%emt 00:01:33]} Qxa5
{[%clk 00:14:51]} {[%emt 00:03:54]} 24. Nxa5 {[%clk 00:59:38]} {[%emt
00:01:45]} Rd2 {[%clk 00:14:01]} {[%emt 00:01:19]} 25. a4 {[%clk 00:57:45]}
{[%emt 00:02:23]} h6 {[%clk 00:11:43]} {[%emt 00:02:49]} 26. Bxf6 {[%clk
00:58:00]} {[%emt 00:00:15]} Bxf6 {[%clk 00:11:58]} {[%emt 00:00:14]} 27. Nxb7
{[%clk 00:57:13]} {[%emt 00:01:18]} Bf5 {[%clk 00:08:35]} {[%emt 00:03:53]} 28.
Nd6 {[%clk 00:56:38]} {[%emt 00:01:04]} 1-0

[Event "DVM U20w 2023"]
[Site "Magdeburg GER"]
[Date "2023.12.27"]
[Round "2"]
[White "Symanski, Linda"]
[Black "Richter, Anastasia"]
[Result "0-1"]
[Termination "normal"]
[Board "7.4"]
[WhiteElo "1281"]
[BlackElo "1353"]
[WhiteClock "00:06:11"]
[BlackClock "00:22:36"]
[WhiteTeam "SF Essen-Werden 1924/80"]
[BlackTeam "SV Königsjäger Süd-West"]
[PlyCount "128"]
[WhiteFideId "16284534"]
[BlackFideId "34659099"]
[EventCountry "GER"]
[EventRounds "7"]
[EventType "team-swiss"]
[EventDate "2023.12.26"]

1. d4 {[%clk 01:30:56]} {[%emt 00:00:03]} d5 {[%clk 01:30:54]} {[%emt
00:00:07]} 2. c4 {[%clk 01:31:07]} {[%emt 00:00:20]} e6 {[%clk 01:31:18]}
{[%emt 00:00:05]} 3. Nc3 {[%clk 01:31:29]} {[%emt 00:00:08]} c6 {[%clk
01:31:41]} {[%emt 00:00:07]} 4. Nf3 {[%clk 01:31:43]} {[%emt 00:00:16]} dxc4
{[%clk 01:32:04]} {[%emt 00:00:07]} 5. Bf4 {[%clk 01:31:42]} {[%emt 00:00:31]}
Nf6 {[%clk 01:28:33]} {[%emt 00:04:01]} 6. e3 {[%clk 01:31:21]} {[%emt
00:00:52]} b5 {[%clk 01:28:20]} {[%emt 00:00:40]} 7. Ne5 {[%clk 01:25:00]}
{[%emt 00:06:53]} Bb7 {[%clk 01:26:14]} {[%emt 00:02:36]} 8. Be2 {[%clk
01:20:44]} {[%emt 00:04:47]} Nbd7 {[%clk 01:18:13]} {[%emt 00:08:29]} 9. Bf3
{[%clk 01:19:26]} {[%emt 00:01:48]} Qb6 {[%clk 01:05:42]} {[%emt 00:12:58]} 10.
O-O {[%clk 01:13:05]} {[%emt 00:06:54]} Be7 {[%clk 00:55:38]} {[%emt 00:10:34]}
11. a4 {[%clk 01:04:22]} {[%emt 00:09:13]} a5 {[%clk 00:49:48]} {[%emt
00:06:20]} 12. axb5 {[%clk 00:57:56]} {[%emt 00:06:57]} cxb5 {[%clk 00:47:43]}
{[%emt 00:02:35]} 13. Qe2 {[%clk 00:55:27]} {[%emt 00:03:00]} O-O {[%clk
00:36:16]} {[%emt 00:11:56]} 14. Rfb1 {[%clk 00:47:35]} {[%emt 00:08:22]} Rfc8
{[%clk 00:25:16]} {[%emt 00:11:29]} 15. Bxb7 {[%clk 00:43:26]} {[%emt
00:04:41]} Qxb7 {[%clk 00:25:30]} {[%emt 00:00:12]} 16. Qd2 {[%clk 00:43:01]}
{[%emt 00:00:58]} b4 {[%clk 00:20:08]} {[%emt 00:05:51]} 17. Ne2 {[%clk
00:41:07]} {[%emt 00:02:25]} Ne4 {[%clk 00:19:15]} {[%emt 00:01:20]} 18. Qe1
{[%clk 00:37:45]} {[%emt 00:03:54]} h5 {[%clk 00:07:37]} {[%emt 00:12:04]} 19.
Ng3 {[%clk 00:32:43]} {[%emt 00:05:38]} Nxg3 {[%clk 00:05:33]} {[%emt
00:02:33]} 20. Bxg3 {[%clk 00:33:05]} {[%emt 00:00:09]} h4 {[%clk 00:05:35]}
{[%emt 00:00:26]} 21. Bf4 {[%clk 00:26:10]} {[%emt 00:07:26]} g5 {[%clk
00:05:38]} {[%emt 00:00:27]} 22. Bxg5 {[%clk 00:26:14]} {[%emt 00:00:28]} Bxg5
{[%clk 00:05:48]} {[%emt 00:00:18]} 23. Qe2 {[%clk 00:26:15]} {[%emt 00:00:30]}
Nxe5 {[%clk 00:04:24]} {[%emt 00:01:53]} 24. dxe5 {[%clk 00:26:27]} {[%emt
00:00:18]} Qe4 {[%clk 00:03:20]} {[%emt 00:01:30]} 25. Rd1 {[%clk 00:24:27]}
{[%emt 00:02:32]} Rd8 {[%clk 00:02:22]} {[%emt 00:01:27]} 26. Rdc1 {[%clk
00:19:52]} {[%emt 00:05:07]} Qd3 {[%clk 00:01:37]} {[%emt 00:01:15]} 27. Qg4
{[%clk 00:18:52]} {[%emt 00:01:29]} Qf5 {[%clk 00:01:28]} {[%emt 00:00:39]} 28.
Rxc4 {[%clk 00:17:53]} {[%emt 00:01:30]} Kf8 {[%clk 00:01:01]} {[%emt
00:00:56]} 29. Qh5 {[%clk 00:16:24]} {[%emt 00:01:59]} Qg6 {[%clk 00:00:46]}
{[%emt 00:00:45]} 30. Qh8+ {[%clk 00:15:24]} {[%emt 00:01:30]} Qg8 {[%clk
00:00:48]} {[%emt 00:00:29]} 31. Qxg8+ {[%clk 00:15:41]} {[%emt 00:00:12]} Kxg8
{[%clk 00:01:17]} {[%emt 00:00:01]} 32. Rg4 {[%clk 00:15:58]} {[%emt 00:00:13]}
Rd5 {[%clk 00:00:45]} {[%emt 00:01:01]} 33. Rxg5+ {[%clk 00:15:44]} {[%emt
00:00:45]} Kf8 {[%clk 00:01:12]} {[%emt 00:00:03]} 34. Rh5 {[%clk 00:14:00]}
{[%emt 00:02:14]} Rad8 {[%clk 00:01:19]} {[%emt 00:00:24]} 35. Rh8+ {[%clk
00:13:44]} {[%emt 00:00:45]} Ke7 {[%clk 00:01:35]} {[%emt 00:00:14]} 36. Rxd8
{[%clk 00:14:08]} {[%emt 00:00:06]} Rxd8 {[%clk 00:02:03]} {[%emt 00:00:01]}
37. h3 {[%clk 00:14:26]} {[%emt 00:00:12]} Rd5 {[%clk 00:02:23]} {[%emt
00:00:09]} 38. f4 {[%clk 00:13:30]} {[%emt 00:01:26]} Kd7 {[%clk 00:02:34]}
{[%emt 00:00:18]} 39. Kf2 {[%clk 00:12:42]} {[%emt 00:01:20]} Kc6 {[%clk
00:02:37]} {[%emt 00:00:26]} 40. Kf3 {[%clk 00:12:26]} {[%emt 00:00:47]} Kb5
{[%clk 00:02:43]} {[%emt 00:00:24]} 41. Rc1 {[%clk 00:12:12]} {[%emt 00:00:46]}
Rd2 {[%clk 00:02:15]} {[%emt 00:00:56]} 42. Rc7 {[%clk 00:09:51]} {[%emt
00:02:52]} Rxb2 {[%clk 00:01:57]} {[%emt 00:00:48]} 43. Rxf7 {[%clk 00:09:38]}
{[%emt 00:00:43]} Rc2 {[%clk 00:01:28]} {[%emt 00:00:55]} 44. f5 {[%clk
00:05:49]} {[%emt 00:04:23]} exf5 {[%clk 00:00:32]} {[%emt 00:01:27]} 45. e6
{[%clk 00:05:41]} {[%emt 00:00:37]} Rc8 {[%clk 00:00:36]} {[%emt 00:00:24]} 46.
e7 {[%clk 00:03:48]} {[%emt 00:02:25]} Re8 {[%clk 00:00:51]} {[%emt 00:00:14]}
47. Ke2 {[%clk 00:03:23]} {[%emt 00:00:55]} Kc4 {[%clk 00:29:37]} {[%emt
00:01:43]} 48. Kd2 {[%clk 00:25:12]} {[%emt 00:08:43]} Kb3 {[%clk 00:29:26]}
{[%emt 00:00:40]} 49. Rxf5 {[%clk 00:21:04]} {[%emt 00:04:40]} a4 {[%clk
00:28:50]} {[%emt 00:01:05]} 50. Rf1 {[%clk 00:19:42]} {[%emt 00:01:53]} Kb2
{[%clk 00:26:23]} {[%emt 00:02:52]} 51. Rf4 {[%clk 00:18:46]} {[%emt 00:01:31]}
Kb3 {[%clk 00:26:23]} {[%emt 00:00:28]} 52. Rf1 {[%clk 00:17:54]} {[%emt
00:01:24]} a3 {[%clk 00:24:02]} {[%emt 00:02:49]} 53. Rb1+ {[%clk 00:15:55]}
{[%emt 00:02:31]} Ka4 {[%clk 00:24:16]} {[%emt 00:00:15]} 54. Kc2 {[%clk
00:13:08]} {[%emt 00:03:18]} Rc8+ {[%clk 00:24:28]} {[%emt 00:00:15]} 55. Kd3
{[%clk 00:13:10]} {[%emt 00:00:30]} a2 {[%clk 00:23:51]} {[%emt 00:01:06]} 56.
Rc1 {[%clk 00:11:17]} {[%emt 00:02:24]} Re8 {[%clk 00:23:09]} {[%emt 00:01:09]}
57. Kc2 {[%clk 00:10:17]} {[%emt 00:01:33]} Ka3 {[%clk 00:23:13]} {[%emt
00:00:24]} 58. Rd1 {[%clk 00:09:20]} {[%emt 00:01:29]} b3+ {[%clk 00:23:04]}
{[%emt 00:00:39]} 59. Kc3 {[%clk 00:08:10]} {[%emt 00:01:41]} Rxe7 {[%clk
00:22:22]} {[%emt 00:01:11]} 60. Rd5 {[%clk 00:06:59]} {[%emt 00:01:41]} a1=Q
{[%clk 00:22:30]} {[%emt 00:00:22]} 61. Kc4 {[%clk 00:06:55]} {[%emt 00:00:35]}
Rc7+ {[%clk 00:22:32]} {[%emt 00:00:27]} 62. Kb5 {[%clk 00:06:15]} {[%emt
00:01:11]} Qc3 {[%clk 00:22:24]} {[%emt 00:00:31]} 63. Kb6 {[%clk 00:05:51]}
{[%emt 00:00:56]} Qc6+ {[%clk 00:22:36]} {[%emt 00:00:20]} 64. Ka5 {[%clk
00:06:11]} {[%emt 00:00:12]} Ra7# {[%emt 00:00:07]} 0-1